Návratné zdroje financovania a miestna samospráva riziká a prínosy
Salvato in:
| Altri autori: | , |
|---|---|
| Natura: | Libro |
| Lingua: | slovacco |
| Pubblicazione: |
Bratislava
M.E.S.A. 10 - Centrum pre ekonomické a sociálne analýzy
2004
|
| Soggetti: | |
| Tags: |
Nessun Tag, puoi essere il primo ad aggiungerne!!
|
MARC
| LEADER | 00000nam$a2200000$$$4500 | ||
|---|---|---|---|
| 001 | 0038901 | ||
| 005 | 20240318125709.9 | ||
| 020 | |a 80-89177-02-6 | ||
| 041 | 0 | |a slo | |
| 044 | |a SK | ||
| 245 | 1 | 0 | |a Návratné zdroje financovania a miestna samospráva |b riziká a prínosy |c editor: Pawel Swianiewicz ; preklad: Jaroslav Kling |
| 264 | 1 | |a Bratislava |b M.E.S.A. 10 - Centrum pre ekonomické a sociálne analýzy |c 2004 | |
| 300 | |a 68 s. | ||
| 610 | 2 | 0 | |a zdroje finančné |
| 610 | 2 | 0 | |a financie |
| 610 | 2 | 0 | |a samospráva miestna |
| 610 | 2 | 0 | |a riziko |
| 610 | 2 | 0 | |a zadlženosť |
| 610 | 2 | 0 | |a pôžičky |
| 610 | 2 | 0 | |a regulácia |
| 610 | 2 | 0 | |a správa verejná |
| 610 | 2 | 0 | |a obce |
| 610 | 2 | 0 | |a úver |
| 610 | 2 | 0 | |a banky |
| 610 | 2 | 0 | |a porovnanie medzinárodné |
| 610 | 2 | 0 | |a zdroje finančné cudzie |
| 610 | 2 | 0 | |a stredná Európa |
| 610 | 2 | 0 | |a východná Európa |
| 700 | 1 | |a Swianiewicz, Pawel | |
| 700 | 1 | |a Kling, Jaroslav | |